লালনসমগ্র : (Record no. 2372)

MARC details
000 -LEADER
fixed length control field 01111nam a2200253 a 4500
003 - CONTROL NUMBER IDENTIFIER
control field BD-DhJNU
005 - DATE AND TIME OF LATEST TRANSACTION
control field 20251116071040.0
008 - FIXED-LENGTH DATA ELEMENTS--GENERAL INFORMATION
fixed length control field 251108s2024 bg |||g |||| 000 1|ben|d
020 ## - INTERNATIONAL STANDARD BOOK NUMBER
International Standard Book Number 9847021200030
040 ## - CATALOGING SOURCE
Original cataloging agency BD-DhJNU
Language of cataloging ben
Transcribing agency BD-DhJNU
Modifying agency BD-DhJNU
041 ## - LANGUAGE CODE
Language code of text/sound track or separate title ben
082 ## - DEWEY DECIMAL CLASSIFICATION NUMBER
Classification number 782.429 LAL
Edition number 23
242 10 - TRANSLATION OF TITLE BY CATALOGING AGENCY
Title Lalon Shamogra / Edited by Abul Ahsan Chowdhury
245 10 - TITLE STATEMENT
Title লালনসমগ্র :
Remainder of title প্রামান্য লালনগীতি সমগ্র /
Statement of responsibility, etc. আবুল আহসান চৌধূরী (সম্পাদিত)
246 ## - VARYING FORM OF TITLE
Title proper/short title Lalon Shamogra
260 ## - PUBLICATION, DISTRIBUTION, ETC.
Place of publication, distribution, etc. ঢাকা :
Name of publisher, distributor, etc. পাঠক সমাবেশ,
Date of publication, distribution, etc. 2024.
300 ## - PHYSICAL DESCRIPTION
Extent 1336 পৃ. :
Other physical details চিত্র ;
Dimensions ২২ সেমি.।
504 ## - BIBLIOGRAPHY, ETC. NOTE
Bibliography, etc. note গ্রন্থপঞ্জিগত নির্দেশিকা ও নিঘন্ট অন্তভূক্ত
650 ## - SUBJECT ADDED ENTRY--TOPICAL TERM
Topical term or geographic name entry element লালন প্রবন্ধ
650 ## - SUBJECT ADDED ENTRY--TOPICAL TERM
Topical term or geographic name entry element Bangla poetry
650 ## - SUBJECT ADDED ENTRY--TOPICAL TERM
Topical term or geographic name entry element Folk songs, Bengali -- Bangladesh
700 a# - ADDED ENTRY--PERSONAL NAME
Personal name চৌধুরী, আবুল আহসান
Relator term সম্পাদক
942 ## - ADDED ENTRY ELEMENTS (KOHA)
Koha item type Books
Holdings
Withdrawn status Lost status Source of classification or shelving scheme Damaged status Not for loan Collection Home library Current library Shelving location Date acquired Source of acquisition Total checkouts Full call number Barcode Date last seen Copy number Price effective from Koha item type
    Dewey Decimal Classification     Non-fiction Jagannath University Central Library Jagannath University Central Library General stacks 11/16/2025 Purchased   782.429 LAL JNUCL36274 11/16/2025 1 11/16/2025 Books